Doscientas piezas de cerámica persa : catálogo de la exposición : Palacio de la Virreina, Barcelona, abril de 1950 / Amigos de los Museos catálogo de la exposición :
Descripción Física:
34 p., [8] p. de làm. : il. ; 22 cm
Materias:
Ceràmica persa -- Exposicions
MARC
| LEADER | 00000nam a2200000Ia 4500 | ||
|---|---|---|---|
| 001 | 14756 | ||
| 008 | 160829s1950 xx 000 0 cat d | ||
| 080 | |a FU-29-34 | ||
| 245 | |a Doscientas piezas de cerámica persa : |b catálogo de la exposición : |b Palacio de la Virreina, Barcelona, abril de 1950 / Amigos de los Museos | ||
| 260 | |a Barcelona : |b los Amigos, |c 1950 | ||
| 300 | |a 34 p., [8] p. de làm. : |b il. ; |c 22 cm | ||
| 650 | |a Ceràmica persa |x Exposicions |9 26160 | ||
| 710 | 2 | |a Amigos de los Museos (Barcelona, Catalunya) |9 54542 | |
| 856 | 4 | |u https://media.diba.cat/diba/fitxers/arxiu/fulletons/bib_14756_1950_baixa.pdf |y Accés lliure | |
| 856 | 4 | |u https://media.diba.cat/diba/fitxers/arxiu/fulletons/bib_14756_1950_baixa.pdf |y Accés lliure | |
| 901 | |a Arxiu | ||
| 942 | |n 1 |2 udc | ||
| 952 | |0 0 |1 0 |4 0 |6 FU2934 |7 1 |9 43902 |a Arxiu |b Arxiu |d 2016-12-01 |l 0 |o FU-29-34 |p 14756 |r 2016-12-01 00:00:00 |w 2016-12-01 |y ARXIU | ||
| 999 | |c 46482 |d 46482 | ||
| 900 | |a bib_14756_1950_baixa.pdf | ||